1878 1942 1596 1343 1941 1972 1860 1817 1789 1444 1581 1071 1295 1405 1354 1864 1251 1311 1581 1566 1070 1303 1097 1935 1647 1043 1715 1793 1616 1706 1408 1202 1376 1508 1167 1478 1613 1168 1901 1597 1481 1775 1755 1205 1766 1341 1482 1834 1056 1815 1416 1462 1074 1739 1733 1522 1976 1408 1863 1100 1526 1802 1985 1866 1977 1265 1975 1421 1358 1022 1495 1303 1841 1200 1326 1331 1743 1860 1769 1769 1407 1138 1763 1429 1719 1211 1997 1684 1227 1540 1184 1405 1004 1654 1991 1519 1457 1779 1217 BCNSPRNW ULIB Ver.6.0+V

เปลี่ยนเป็นภาษาไทย

Change to English
 แสดงรายละเอียดบรรณานุกรม
  กลับหน้าหลัก

Brief Record : Get Marc (ISO 2709) : E-mail record : QR code < ปิดหน้าต่าง
LEADER : 00000nam 2200000uu 4500
001    13399124186
003     ULIB
008    020711s2550 th a 000 0 tha d
099    วจ.LB^bศ479ก
100    ศิริรัชส์ อินสุข
245    การพัฒนารูปแบบการเรียนการสอนรายวิชาเคมีแบบบูรณาการ..../^cศิริรัชส์ อินสุข
260    พิษณุโลก :^bว.พุทธชินราช,^c2550
300    214 หน้า
945    ^p0^l0^i020933
รายการนี้ยังไม่มีแท็ก
คุณยังไม่ได้ล็อกอิน คุณสามารถมีกิจกรรมร่วมกับเว็บไซต์ได้ แต่ต้องล็อกอินก่อน ::
  ล็อกอิน

รายการสื่อสารสนเทศ

ลำดับที่ ประเภท เลขเรียก/บาร์โค้ด สถานที่ สถานะ
1. งานวิจัย
งานวิจัย
วจ.LB ศ479ก ฉ.1 
  Barcode: 020933
ห้องสมุดวิทยาเขตนครสวรรค์
►วิจัย:l:Research Room
บนชั้น

รายการใกล้เคียง
    ผู้แต่ง [ศิริรัชส์ อินสุข]

BibComment


ยังไม่เคยถูกคอมเมนท์

คอมเมนท์ทรัพยากรรายการนี้
  คอมเมนท์: การพัฒนารูปแบบการ..


 Copyright 2026. Bcnsprnw @Library